Ladysmith

'A cracking old-fashioned adventure story, as well as a fascinating account of a historical period'. - The Times

Saved in:
Bibliographic Details
Main Author: Foden, Giles 1967- (Author)
Format: Book
Language:English
Edition:1st American edition
Subjects:
Tags: Add Tag
No Tags, Be the first to tag this record!
Call Number :PR6056.O27 L33 2000

MARC

LEADER 00000nam a2200000 a 4500
001 99607
003 MY-KLNDU
005 20241220023319.0
008 221104s2000 enk ah 000 0 eng d
020 |a 9780571203666 
039 9 |a 202211041129  |b VLOAD  |c 201603081121  |d faizin  |c 201505051706  |d elly  |y 201504240946  |z elly 
040 |a UPNM  |b eng  |u PNM  |2 rda 
090 |a PR6056.O27  |b L33 2000 
100 1 |a Foden, Giles  |d 1967-  |e author 
245 1 |a Ladysmith  |c Giles Foden 
250 |a 1st American edition 
264 |a London  |b Faber and Faber Limited  |c 2000 
300 |a 366 pages  |c 25 cm. 
336 |a text  |2 rdacontent 
337 |a unmediated  |2 rdamedia 
338 |a volume  |2 rdacarrier 
520 |a 'A cracking old-fashioned adventure story, as well as a fascinating account of a historical period'. - The Times 
592 |b 09/04/2015  |c hadiah dan sumbangan  |c Mej. Iskandar W.Crafter (B) 
651 0 |a Ladysmith (South Africa)  |x History  |y Siege, 1899-1900  |v Fiction 
999 |a vtls000053782  |c 99607  |d 99607